000 00306nam a2200133Ia 4500
005 20260328101447.0
008 260328s9999||||xx |||||||||||||| ||und||
100 _aBuffinga, A
245 0 _aG. Th. Rietveld /
_cA Buffinga
260 _bMeulenhoff
300 _a24 p.
650 _aARQUITECTOS
942 _cBK
999 _c8500
_d8500